[Event "Offene Hessische Senioren Einzelmeisters"]
[Site "Bad Sooden- Allendorf"]
[Date "2013.04.24"]
[Round "5.17"]
[White "Reinhold, Dr. Klaus"]
[Black "Stimpel, Franz"]
[Result "0-1"]
[WhiteElo "1957"]
[BlackElo "2015"]
[PlyCount "64"]
[EventDate "2013.??.??"]
[WhiteTeam "SC Gronau 1920 e.V."]
[BlackTeam "Wiesbadener SV 1885"]

1. d4 Nf6 2. c4 d6 3. Nc3 Nbd7 4. Nf3 e5 5. e4 g6 6. Be2 Bg7 7. O-O O-O 8. Re1
c6 9. h3 exd4 10. Nxd4 Re8 11. Bf1 Nc5 12. Bg5 h6 13. Bxf6 Qxf6 14. Nb3 Qe5 15.
Nxc5 dxc5 16. Qd2 g5 17. Rad1 Be6 18. Qe3 Rad8 19. Kh1 Rd4 20. b3 Red8 21. f3
Bf8 22. Qg1 b6 23. Qh2 Bd6 24. Qxe5 Bxe5 25. Rxd4 cxd4 26. Nd5 cxd5 27. exd5
Bg3 28. Rd1 Bf5 29. Rxd4 Bd6 30. Rd1 Re8 31. g4 Bg6 32. Kg2 Kf8 0-1

[Event "Offene Hessische Senioren Einzelmeisters"]
[Site "Bad Sooden- Allendorf"]
[Date "2013.04.24"]
[Round "5.18"]
[White "Just, Joachim"]
[Black "Haase, Wolfgang"]
[Result "1/2-1/2"]
[WhiteElo "1912"]
[BlackElo "1991"]
[PlyCount "37"]
[EventDate "2013.??.??"]
[WhiteTeam "SV Motor Zeitz"]
[BlackTeam "SV CAISSA e. V. Kassel"]

1. f4 d5 2. e3 c5 3. Nf3 Nc6 4. Bb5 Bg4 5. Bxc6+ bxc6 6. O-O Nf6 7. d3 e6 8. b3
Qb6 9. Kh1 Be7 10. Qe1 Bxf3 11. Rxf3 Nd7 12. Bb2 Bf6 13. Bxf6 gxf6 14. Nd2 f5
15. e4 fxe4 16. dxe4 O-O-O 17. c4 Rhe8 18. e5 Qa5 19. Qc1 1/2-1/2

[Event "Offene Hessische Senioren Einzelmeisters"]
[Site "Bad Sooden- Allendorf"]
[Date "2013.04.24"]
[Round "5.19"]
[White "Villing, Dieter"]
[Black "Van Dongen, Rob"]
[Result "1-0"]
[WhiteElo "1987"]
[BlackElo "1839"]
[PlyCount "37"]
[EventDate "2013.??.??"]
[WhiteTeam "SK 1962 Ladenburg"]
[BlackTeam "VAS Amsterdam"]

1. d4 Nf6 2. Nc3 d5 3. Bg5 c6 4. f3 Bf5 5. Qd2 h6 6. Bh4 Nbd7 7. O-O-O b5 8. e4
dxe4 9. fxe4 Nxe4 10. Nxe4 Bxe4 11. Ne2 g5 12. Bg3 Nf6 13. Be5 a6 14. Qe3 e6
15. Bxf6 Qxf6 16. Qxe4 Rc8 17. Kb1 Bg7 18. Ng3 h5 19. Be2 1-0

[Event "Offene Hessische Senioren Einzelmeisters"]
[Site "Bad Sooden- Allendorf"]
[Date "2013.04.24"]
[Round "5.20"]
[White "Baum, Bernd"]
[Black "Bomert, Egon"]
[Result "1-0"]
[WhiteElo "2232"]
[BlackElo "1862"]
[PlyCount "69"]
[EventDate "2013.??.??"]
[WhiteTeam "SV Empor Erfurt"]
[BlackTeam "SK Bad Sooden-Allendorf"]

1. c4 c5 2. g3 Nf6 3. Bg2 Nc6 4. Nc3 g6 5. d3 Bg7 6. e4 d6 7. Nge2 Bg4 8. f3
Bd7 9. Be3 e5 10. O-O O-O 11. Rb1 a6 12. a3 Nd4 13. b4 b6 14. h3 Rb8 15. f4 Qc8
16. fxe5 dxe5 17. Bg5 Qc6 18. Qd2 Qd6 19. Kh2 Nc6 20. Rf2 Ne8 21. Nd5 f6 22.
Be3 Nd4 23. Qb2 Nc6 24. Qa2 Be6 25. Nec3 Nd4 26. bxc5 bxc5 27. Rfb2 Rxb2 28.
Rxb2 Qd8 29. Rb6 Nc7 30. Qb2 Bc8 31. Na4 Nce6 32. Rb8 Qd6 33. Qb6 Nc6 34. Ra8
Bd7 35. Rxf8+ 1-0

[Event "Offene Hessische Senioren Einzelmeisters"]
[Site "Bad Sooden- Allendorf"]
[Date "2013.04.24"]
[Round "5.21"]
[White "Ghijsen, Pim"]
[Black "Mentel, Dr. Jürgen"]
[Result "1-0"]
[WhiteElo "2161"]
[BlackElo "1852"]
[PlyCount "101"]
[EventDate "2013.??.??"]
[WhiteTeam "VAS Amsterdam"]
[BlackTeam "Greifswalder SV"]

1. d4 d6 2. e4 Nf6 3. Nc3 c6 4. Be2 Nbd7 5. Nf3 e5 6. O-O Qc7 7. Re1 Be7 8. h3
O-O 9. Be3 Re8 10. Qd2 Bf8 11. dxe5 dxe5 12. Rad1 Nc5 13. Bd3 Nxd3 14. cxd3 Bb4
15. a3 Ba5 16. Bg5 Nd7 17. b4 Bb6 18. Na4 f6 19. Bh4 Nf8 20. d4 Bxd4 21. Nxd4
exd4 22. Bg3 Qf7 23. Qxd4 Be6 24. Nc5 Bc8 25. f3 b6 26. Nd3 Ba6 27. Qc3 Bb5 28.
Nb2 Rac8 29. Bf2 Ne6 30. Be3 c5 31. a4 cxb4 32. Qxb4 Ba6 33. a5 bxa5 34. Qxa5
Qb7 35. Qa2 Kh8 36. Rd6 Nc7 37. Red1 Bb5 38. Qxa7 Qxa7 39. Bxa7 Ne6 40. R1d2
Re7 41. Be3 Kg8 42. Kf2 Kf7 43. Rb6 Be8 44. Nd3 Rec7 45. Nb4 Ba4 46. Kg3 g5 47.
Rdd6 Bd7 48. Nd5 Ra7 49. Rb4 Nc5 50. Rxf6+ Kg7 51. Bd4 1-0

[Event "Offene Hessische Senioren Einzelmeisters"]
[Site "Bad Sooden- Allendorf"]
[Date "2013.04.24"]
[Round "5.22"]
[White "Krotofil, Kurt"]
[Black "Lindner, Jan-Joost"]
[Result "0-1"]
[WhiteElo "1834"]
[BlackElo "2159"]
[PlyCount "52"]
[EventDate "2013.??.??"]
[WhiteTeam "Niendorfer TSV 1919 SAbt"]
[BlackTeam "DD Den Haag"]

1. d4 e6 2. c4 Bb4+ 3. Bd2 Qe7 4. Nc3 Nf6 5. Nf3 O-O 6. Qc2 d6 7. e4 e5 8. d5
a5 9. Be2 Na6 10. a3 Bxc3 11. Bxc3 Nc5 12. Nd2 a4 13. O-O Ne8 14. f4 exf4 15.
Rxf4 f5 16. Bd3 Nf6 17. Re1 Bd7 18. e5 Ng4 19. e6 Qg5 20. Rxg4 fxg4 21. Bxh7+
Kh8 22. exd7 Qh4 23. Nf3 gxf3 24. gxf3 Qxh7 25. Qxh7+ Kxh7 26. Re7 Rg8 0-1

[Event "Offene Hessische Senioren Einzelmeisters"]
[Site "Bad Sooden- Allendorf"]
[Date "2013.04.24"]
[Round "5.23"]
[White "Grabitz, Dr. Georg"]
[Black "Rüberg, Jobst"]
[Result "1/2-1/2"]
[WhiteElo "1852"]
[BlackElo "2068"]
[PlyCount "74"]
[EventDate "2013.??.??"]
[WhiteTeam "Plesse Bovenden"]
[BlackTeam "SV Ahlen 1954 e.V."]

1. e4 c5 2. Nf3 a6 3. c4 e6 4. d4 cxd4 5. Nxd4 Nf6 6. Nc3 Qc7 7. Be2 Bb4 8. Qc2
Qe5 9. Be3 Qxe4 10. O-O Qxc2 11. Nxc2 Be7 12. c5 d6 13. cxd6 Bxd6 14. Rfd1 Be7
15. Bf3 Nbd7 16. g3 O-O 17. Na4 Rb8 18. Ba7 Ra8 19. Be3 Ne5 20. Bg2 Nc4 21. Bd4
e5 22. Nb6 Nxb6 23. Bxb6 Be6 24. Ne3 Nd7 25. Ba5 Rab8 26. Nd5 Bc5 27. Bc3 Rfc8
28. Rd2 f6 29. b4 Bf8 30. a3 b5 31. Rb2 Nb6 32. Nxb6 Rxc3 33. Nd5 Rbc8 34. Nxc3
Rxc3 35. Rd2 Kf7 36. Bd5 Be7 37. Kf1 f5 1/2-1/2

[Event "Offene Hessische Senioren Einzelmeisters"]
[Site "Bad Sooden- Allendorf"]
[Date "2013.04.24"]
[Round "5.24"]
[White "Lenk, Wolfgang"]
[Black "Perk, Egbert"]
[Result "1-0"]
[WhiteElo "2054"]
[BlackElo "1834"]
[PlyCount "45"]
[EventDate "2013.??.??"]
[WhiteTeam "USV TU Dresden"]
[BlackTeam "SK Lister Turm"]

1. e4 g6 2. d4 Bg7 3. Nc3 d6 4. Be3 Nf6 5. Be2 Nc6 6. d5 Nb8 7. g4 h5 8. g5
Nfd7 9. Bd4 Bxd4 10. Qxd4 Rg8 11. O-O-O a6 12. f4 Nb6 13. Nf3 N8d7 14. Rhe1 c5
15. Qe3 Kf8 16. e5 Kg7 17. exd6 exd6 18. Ne4 Qf8 19. Nh4 f5 20. Ng3 Qf7 21.
Nxh5+ gxh5 22. Bxh5 Nxd5 23. Qd2 1-0

[Event "Offene Hessische Senioren Einzelmeisters"]
[Site "Bad Sooden- Allendorf"]
[Date "2013.04.24"]
[Round "5.25"]
[White "Leutz, Hans"]
[Black "Just, Fred"]
[Result "1/2-1/2"]
[WhiteElo "1832"]
[BlackElo "2044"]
[PlyCount "107"]
[EventDate "2013.??.??"]
[WhiteTeam "SV Ebersbach"]
[BlackTeam "SAbt SV Werder Bremen"]

1. d4 d5 2. Nf3 Nf6 3. e3 e6 4. Bd3 c5 5. c3 Nc6 6. Nbd2 Be7 7. O-O O-O 8. Qe2
Re8 9. dxc5 e5 10. e4 Bxc5 11. exd5 Nxd5 12. Ne4 Qe7 13. Nxc5 Qxc5 14. Qc2 h6
15. Re1 Bg4 16. Nh4 Qe7 17. Nf5 Qf6 18. Ng3 Rac8 19. Qb3 Nb6 20. Be3 Na5 21.
Qb5 Nac4 22. Bxb6 Nxb6 23. Qa5 a6 24. h3 Bd7 25. Rad1 Re7 26. Bf1 Qe6 27. Ne4
Nc4 28. Bxc4 Rxc4 29. Nc5 b6 30. Nxe6 bxa5 31. Nd4 f5 32. f3 Kf7 33. Nc2 Rc5
34. Ne3 Be6 35. Rd6 f4 36. Ng4 Bxa2 37. Rxa6 Rd5 38. b4 h5 39. Nf2 Rd2 40. Rxa5
Bd5 41. Rc5 Kf6 42. Ne4+ Bxe4 43. Rxe4 g5 44. b5 g4 45. Rc6+ Kf5 46. b6 g3 47.
Kf1 Red7 48. Rc7 Rf2+ 49. Ke1 Rdd2 50. Rc5 Ra2 51. Rcxe5+ Kf6 52. Re6+ Kf7 53.
Re7+ Kf6 54. R7e6+ 1/2-1/2

[Event "Offene Hessische Senioren Einzelmeisters"]
[Site "Bad Sooden- Allendorf"]
[Date "2013.04.24"]
[Round "5.26"]
[White "Holscher, Peter"]
[Black "Rürup, Hans-Heinz"]
[Result "1/2-1/2"]
[WhiteElo "2005"]
[BlackElo "1825"]
[Annotator ",Microsoft"]
[PlyCount "99"]
[EventDate "2013.??.??"]
[WhiteTeam "Caissa Hoorn"]
[BlackTeam "SV Bad Oeynhausen"]

1. d4 d5 2. Nf3 Nf6 3. c4 c6 4. Nc3 dxc4 5. a4 Bf5 6. e3 e6 7. Bxc4 Bb4 8. O-O
O-O 9. Qb3 Qe7 10. h3 Ne4 11. Ne5 Bd6 12. f4 h5 13. a5 f6 14. Nxe4 Bxe4 15.
Bxe6+ Kh7 16. Nf3 Na6 17. f5 Nc7 18. Nd2 Bd5 19. Bxd5 Nxd5 20. Nc4 Bb8 21. Bd2
Qc7 22. Rf3 Qh2+ 23. Kf2 h4 24. Rg1 b5 25. Na3 Re8 26. Qc2 Bg3+ 27. Kf1 Rac8
28. Qc1 a6 29. b4 Re4 30. Nc2 g5 31. fxg6+ Kxg6 32. Be1 Bd6 33. Qd2 Kf7 34. g4
hxg3 35. Qg2 Qxg2+ 36. Kxg2 Rce8 37. Bxg3 Bxg3 38. Rxg3 Nxe3+ 39. Nxe3 Rxe3 40.
Rxe3 Rxe3 41. Rc1 Re4 $11 42. Rxc6 Rxd4 43. Rxa6 Rxb4 44. Rb6 Rb2+ 45. Kg3 b4
46. a6 Ra2 47. Kg4 b3 48. Kf5 Ra5+ 49. Kf4 b2 50. Rxb2 1/2-1/2

[Event "Offene Hessische Senioren Einzelmeisters"]
[Site "Bad Sooden- Allendorf"]
[Date "2013.04.24"]
[Round "5.27"]
[White "Jürgens, Peter"]
[Black "Haselhorst, Helmut"]
[Result "1/2-1/2"]
[WhiteElo "1832"]
[BlackElo "2003"]
[PlyCount "109"]
[EventDate "2013.??.??"]
[WhiteTeam "SC Tempo Göttingen"]
[BlackTeam "SK Ostbevern/Westbevern"]

1. d4 Nf6 2. Nf3 d6 3. Bf4 Bg4 4. Nbd2 Nbd7 5. h3 Bh5 6. e4 e5 7. dxe5 dxe5 8.
Bg3 Bc5 9. Be2 Qe7 10. O-O O-O 11. Nh4 Bxe2 12. Qxe2 g6 13. Nhf3 Nh5 14. Bh2
Rfe8 15. Rfe1 Qf6 16. Qb5 Re7 17. Rad1 Bb6 18. Nc4 a6 19. Qd5 c6 20. Qd2 Bc7
21. Qh6 Nf8 22. Qg5 Qe6 23. b3 f6 24. Qc1 Ree8 25. Nd4 Qe7 26. Ne2 Rad8 27.
Rxd8 Rxd8 28. Rd1 Ne6 29. Kf1 b5 30. Ne3 Nhf4 31. Rxd8+ Qxd8 32. Qd1 Qxd1+ 33.
Nxd1 Nxe2 34. Kxe2 Kf7 35. Ne3 Ke7 36. h4 Kd6 37. c3 a5 38. Nc2 Bb6 39. f3 Bc5
40. Bg3 a4 41. Kd3 axb3 42. axb3 Bb6 43. Nd4 Nxd4 44. cxd4 Bxd4 45. Be1 c5 46.
g4 h5 47. Bg3 Kc6 48. Be1 Kb6 49. Kc2 Kc6 50. Kd3 Kd6 51. Bg3 Bb2 52. Be1 Ba3
53. Bg3 Bb4 54. Bf2 Ke6 55. Bg3 1/2-1/2

[Event "Offene Hessische Senioren Einzelmeisters"]
[Site "Bad Sooden- Allendorf"]
[Date "2013.04.24"]
[Round "5.28"]
[White "Oud, Niek"]
[Black "Schnaitmann, Herbert"]
[Result "1/2-1/2"]
[WhiteElo "1992"]
[BlackElo "1818"]
[PlyCount "72"]
[EventDate "2013.??.??"]
[WhiteTeam "VAS"]
[BlackTeam "SC Grunbach"]

1. d4 d5 2. Nf3 Nf6 3. Nc3 e6 4. e3 Be7 5. Bd3 c5 6. dxc5 Bxc5 7. O-O O-O 8. b3
Nc6 9. Bb2 e5 10. Be2 a6 11. a4 Bf5 12. Na2 Re8 13. c3 Bg4 14. h3 Bxf3 15. Bxf3
a5 16. b4 axb4 17. cxb4 Nxb4 18. Nxb4 Bxb4 19. Qb3 Qa5 20. Rfd1 Rad8 21. Rab1
Bf8 22. Bc3 Qa7 23. a5 Re7 24. Bxd5 Nxd5 25. Rxd5 Rxd5 26. Qxd5 Qb8 27. Rb6 Qc7
28. Qb3 Rd7 29. Qb2 Bd6 30. Rb5 Re7 31. e4 Kf8 32. f4 f6 33. f5 Qc6 34. Rd5 Rc7
35. Rxd6 Qxc3 36. Rd8+ Ke7 1/2-1/2

[Event "Offene Hessische Senioren Einzelmeisters"]
[Site "Bad Sooden- Allendorf"]
[Date "2013.04.24"]
[Round "5.29"]
[White "Scheide, Helmut"]
[Black "Kripp, Wolfgang"]
[Result "1-0"]
[WhiteElo "1824"]
[BlackElo "1982"]
[PlyCount "57"]
[EventDate "2013.??.??"]
[WhiteTeam "USV Potsdam e.V., Abt. Schach"]
[BlackTeam "SAbt SG 1945 Dietzenbach"]

1. d4 d5 2. c4 e6 3. Nc3 Nf6 4. Nf3 Nbd7 5. e3 c6 6. Bd3 dxc4 7. Bxc4 b5 8. Bd3
a6 9. e4 c5 10. d5 c4 11. Bc2 Qc7 12. O-O Bd6 13. h3 O-O 14. Nd4 exd5 15. exd5
Nb6 16. Qf3 Re8 17. Bg5 b4 18. Bxf6 bxc3 19. Rae1 Bb7 20. Bxg7 Kxg7 21. Nf5+
Kh8 22. Qh5 Be5 23. Nd6 Kg7 24. Rxe5 Rxe5 25. Qxe5+ Kg8 26. Qg5+ Kf8 27. Qh6+
Ke7 28. Re1+ Kd7 29. Bf5+ 1-0

[Event "Offene Hessische Senioren Einzelmeisters"]
[Site "Bad Sooden- Allendorf"]
[Date "2013.04.24"]
[Round "5.30"]
[White "Gerhardt, Peter-Michael"]
[Black "Hellwege, Werner"]
[Result "1/2-1/2"]
[WhiteElo "1975"]
[BlackElo "1811"]
[PlyCount "41"]
[EventDate "2013.??.??"]
[WhiteTeam "SC Vahr"]
[BlackTeam "SK Lister Turm"]

1. d4 Nf6 2. c4 g6 3. Nc3 Bg7 4. e4 d6 5. f3 O-O 6. Be3 Nc6 7. Nge2 a6 8. Qd2
Rb8 9. d5 Na5 10. Nd4 c5 11. Nc2 Bd7 12. Be2 b5 13. cxb5 axb5 14. O-O b4 15.
Nd1 Qb6 16. Nf2 Bb5 17. Rfc1 Qa6 18. Bxb5 Qxb5 19. b3 Nd7 20. Rab1 Rbc8 21. a4
1/2-1/2

[Event "Offene Hessische Senioren Einzelmeisters"]
[Site "Bad Sooden- Allendorf"]
[Date "2013.04.24"]
[Round "5.31"]
[White "Hunold, Rolf"]
[Black "Rollwitz, Jürgen"]
[Result "1-0"]
[WhiteElo "1974"]
[BlackElo "1804"]
[Annotator ",Microsoft"]
[PlyCount "107"]
[EventDate "2013.??.??"]
[WhiteTeam "SV Letmathe 1933 e.V."]
[BlackTeam "SG Wedding e.V."]

1. e4 d6 2. d4 Nf6 3. Nc3 g6 4. Be3 Bg7 5. Qd2 c6 6. Bh6 Bxh6 7. Qxh6 Qa5 8.
Qd2 a6 9. Nf3 Nbd7 10. a3 e5 11. b4 Qd8 12. Bc4 Qe7 13. O-O h6 14. Rfe1 Nb6 15.
Bb3 Bg4 16. dxe5 dxe5 17. Qe3 Nbd7 18. Na4 Bxf3 $11 19. Qxf3 O-O 20. Rad1 Rfd8
21. Rd3 b5 22. Nb2 c5 23. Bd5 Rab8 24. c3 c4 25. Rd2 Kg7 26. Nd1 Nb6 27. Ne3
Rd6 28. Red1 Rbd8 29. Kf1 Nfxd5 30. Nxd5 Nxd5 31. Rxd5 Rxd5 32. exd5 Rd6 33.
Qe3 f6 34. Qc5 Qd7 $11 35. f3 Kf7 36. a4 h5 37. Kf2 f5 38. g3 Ke8 39. axb5 axb5
40. Ra1 Qd8 41. Qxb5+ Ke7 42. Rd1 Qa8 43. Qxc4 Qa7+ 44. Ke2 g5 45. Rd2 f4 46.
gxf4 gxf4 47. Qc5 Qd7 48. c4 Kf7 49. Ra2 Kg6 50. Ra7 Qd8 51. b5 Kf5 52. Qc7 Qf6
53. Qh7+ Kg5 54. Rg7+ 1-0

[Event "Offene Hessische Senioren Einzelmeisters"]
[Site "Bad Sooden- Allendorf"]
[Date "2013.04.24"]
[Round "5.32"]
[White "Romanow, Werner"]
[Black "Schlag, Franz"]
[Result "1-0"]
[WhiteElo "1972"]
[BlackElo "1801"]
[PlyCount "103"]
[EventDate "2013.??.??"]
[WhiteTeam "SV Merseburg"]
[BlackTeam "SK Turm Bad Hersfeld"]

1. c4 c6 2. Nf3 Nf6 3. g3 g6 4. b3 Bg7 5. Bb2 O-O 6. Bg2 d6 7. O-O Bf5 8. d3
Na6 9. Nbd2 e5 10. h3 h5 11. a3 Nc7 12. Qc2 Re8 13. e4 Be6 14. d4 exd4 15. Nxd4
Bd7 16. f4 d5 17. cxd5 cxd5 18. e5 Nh7 19. N2f3 Rc8 20. Qd2 Bh6 21. h4 Ne6 22.
Nxe6 fxe6 23. Nd4 Nf8 24. Kh2 a6 25. a4 Qc7 26. Qe2 Bc6 27. Ba3 Qf7 28. Qf3 Nd7
29. Bh3 Bf8 30. Bxf8 Nxf8 31. g4 Qh7 32. gxh5 Qxh5 33. Qxh5 gxh5 34. Rg1+ Kh7
35. Rg5 Kh6 36. Rag1 Rc7 37. f5 Rf7 38. fxe6 Rf2+ 39. Kg3 Nh7 40. Kxf2 Nxg5 41.
Rxg5 Rf8+ 42. Nf5+ Kh7 43. Rxh5+ Kg8 44. Ke3 Be8 45. Rg5+ Kh8 46. Kd4 b5 47. a5
b4 48. Kxd5 Kh7 49. Kd6 Rg8 50. Rxg8 Kxg8 51. Ke7 Bb5 52. Nd4 1-0

[Event "Offene Hessische Senioren Einzelmeisters"]
[Site "Bad Sooden- Allendorf"]
[Date "2013.04.24"]
[Round "5.34"]
[White "Görtz, Hans"]
[Black "Rychlik, Kurt"]
[Result "1/2-1/2"]
[WhiteElo "1813"]
[BlackElo "1970"]
[PlyCount "90"]
[EventDate "2013.??.??"]
[WhiteTeam "DJK Wacker Bergeborbeck 1922"]
[BlackTeam "SV Berenbostel"]

1. d4 g6 2. c4 Bg7 3. Nc3 d6 4. e4 Nc6 5. Be3 e5 6. d5 Nce7 7. Bd3 f5 8. exf5
Bxf5 9. Nge2 Nf6 10. Ng3 Qd7 11. Qc2 Bxd3 12. Qxd3 Ng4 13. Bg5 O-O 14. f3 Nh6
15. Nce4 Nhf5 16. Bxe7 Qxe7 17. Nxf5 gxf5 18. Ng3 Qg5 19. O-O h5 20. Ne2 Rae8
21. Nc3 a6 22. Kh1 h4 23. Rae1 Qg6 24. Rg1 Qh5 25. g4 hxg3 26. Rxg3 Kf7 27.
Reg1 Bf6 28. Qc2 Rg8 29. Qg2 Rxg3 30. Qxg3 Qh7 31. Qf2 b6 32. Ne2 Rh8 33. Rg2
Bh4 34. Qg1 Qh6 35. b4 Bf6 36. c5 bxc5 37. bxc5 Qd2 38. cxd6 Qxd5 39. dxc7 Qb7
40. Qc1 Rc8 41. Qc4+ Ke7 42. Nc3 Qxf3 43. Nd5+ Kd6 44. Nxf6 Qd1+ 45. Rg1 Qf3+
1/2-1/2

[Event "Offene Hessische Senioren Einzelmeisters"]
[Site "Bad Sooden- Allendorf"]
[Date "2013.04.24"]
[Round "5.35"]
[White "Arp, Frans"]
[Black "Voermans, Adri"]
[Result "1-0"]
[WhiteElo "1970"]
[BlackElo "1756"]
[PlyCount "26"]
[EventDate "2013.??.??"]
[WhiteTeam "Haarlem"]
[BlackTeam "Discendo Discimus"]

1. e4 c5 2. Nf3 g6 3. d4 cxd4 4. Nxd4 Bg7 5. Nc3 Nc6 6. Be3 a6 7. Bc4 e6 8. Qd2
Nge7 9. O-O-O b5 10. Bb3 Na5 11. Kb1 Nc4 12. Bxc4 bxc4 13. Bg5 Qa5 1-0

[Event "Offene Hessische Senioren Einzelmeisters"]
[Site "Bad Sooden- Allendorf"]
[Date "2013.04.24"]
[Round "5.36"]
[White "Rehder, Frank"]
[Black "Heinzel, Peter"]
[Result "1/2-1/2"]
[WhiteElo "1747"]
[BlackElo "1970"]
[PlyCount "48"]
[EventDate "2013.??.??"]
[WhiteTeam "SC Zugzwang 95 e.V."]
[BlackTeam "SC Mülheim 08/25 e.V."]

1. d4 Nf6 2. Nf3 d5 3. b3 g6 4. Bb2 Bg7 5. e3 Bg4 6. Be2 Bxf3 7. Bxf3 c6 8. O-O
O-O 9. Nd2 Nbd7 10. c4 e6 11. a3 a5 12. Rc1 Re8 13. Qc2 Qb6 14. Be2 Rec8 15. c5
Qc7 16. f4 Ne8 17. Nf3 f5 18. a4 Nef6 19. Ba3 Bf8 20. Bb2 Ne4 21. Bd3 Nef6 22.
Rfe1 Qd8 23. Re2 Ra7 24. h3 Ne8 1/2-1/2

[Event "Offene Hessische Senioren Einzelmeisters"]
[Site "Bad Sooden- Allendorf"]
[Date "2013.04.24"]
[Round "5.37"]
[White "Krebs, Dietmar"]
[Black "Micheel, Peter"]
[Result "1/2-1/2"]
[WhiteElo "1960"]
[BlackElo "1751"]
[PlyCount "46"]
[EventDate "2013.??.??"]
[WhiteTeam "Kölner SK Dr. Lasker 186"]
[BlackTeam "SSC Graal-Müritz"]

1. e4 e6 2. d3 d5 3. Nd2 Nf6 4. Ngf3 dxe4 5. dxe4 Bc5 6. Bd3 Nc6 7. O-O e5 8.
Nb3 Bb6 9. Bg5 Bg4 10. h3 Bh5 11. g4 Bg6 12. Qe2 Qe7 13. a4 a6 14. a5 Ba7 15.
Nh4 h6 16. Nxg6 fxg6 17. Bd2 Nb4 18. Be3 Bxe3 19. Qxe3 Nxd3 20. cxd3 O-O 21.
Nc5 Nd7 22. Rac1 Nxc5 23. Rxc5 Rf3 1/2-1/2

[Event "Offene Hessische Senioren Einzelmeisters"]
[Site "Bad Sooden- Allendorf"]
[Date "2013.04.24"]
[Round "5.38"]
[White "Mertens, Gottfried"]
[Black "Thieme, Hans"]
[Result "0-1"]
[WhiteElo "1721"]
[BlackElo "1943"]
[PlyCount "66"]
[EventDate "2013.??.??"]
[WhiteTeam "SK Weinheim 1911 e.V."]
[BlackTeam "SV Oberursel"]

1. f4 c5 2. Nf3 e6 3. e3 Nf6 4. b3 b6 5. Bb2 Bb7 6. Be2 Be7 7. O-O Qc7 8. c4
O-O 9. Nc3 a6 10. Rc1 d6 11. Qe1 Nbd7 12. d3 d5 13. Qh4 Rfe8 14. Qh3 dxc4 15.
dxc4 Rad8 16. Rcd1 e5 17. Nh4 g6 18. f5 g5 19. Qg3 Kh8 20. Nf3 Rg8 21. Nd5 Bxd5
22. cxd5 Bd6 23. Qe1 e4 24. Bxf6+ Nxf6 25. Qc3 Qe7 26. Ne1 Be5 27. Qc1 Nxd5 28.
Bxa6 Nxe3 29. Rxd8 Rxd8 30. Rf2 Ng4 31. Rd2 Bd4+ 32. Kh1 Nf2+ 33. Kg1 Nd3+ 0-1

[Event "Offene Hessische Senioren Einzelmeisters"]
[Site "Bad Sooden- Allendorf"]
[Date "2013.04.24"]
[Round "5.39"]
[White "Meinke, Dietlind"]
[Black "Ditmas, Hugh"]
[Result "1/2-1/2"]
[WhiteElo "1711"]
[BlackElo "1902"]
[PlyCount "89"]
[EventDate "2013.??.??"]
[WhiteTeam "MTV Leck von 1889"]
[BlackTeam "Bremer SG von 1877"]

1. e4 c5 2. Nc3 Nc6 3. Bb5 Nd4 4. Bc4 e6 5. Nge2 Ne7 6. O-O Nec6 7. f4 Be7 8.
a3 d6 9. Nxd4 Nxd4 10. d3 O-O 11. Ne2 d5 12. Ba2 dxe4 13. dxe4 Qc7 14. c3 Nxe2+
15. Qxe2 b6 16. f5 exf5 17. Bd5 Bb7 18. Bf4 Qd7 19. Bxb7 Qxb7 20. exf5 Bf6 21.
Rae1 Qc6 22. Qc2 Rfe8 23. Rxe8+ Rxe8 24. Bg3 c4 25. Re1 Qc5+ 26. Kf1 Rxe1+ 27.
Bxe1 Qc6 28. Bd2 b5 29. Bc1 Qd5 30. h3 h6 31. Kg1 Qe5 32. Qf2 a6 33. g4 Qe4 34.
Be3 Be5 35. Bc1 Qd3 36. Qe3 Qd1+ 37. Kg2 Qd5+ 38. Qf3 Qd6 39. Be3 Kh7 40. Bc1
Bh2 41. h4 Be5 42. g5 hxg5 43. hxg5 g6 44. Qh3+ Kg8 45. f6 1/2-1/2

[Event "Offene Hessische Senioren Einzelmeisters"]
[Site "Bad Sooden- Allendorf"]
[Date "2013.04.24"]
[Round "5.40"]
[White "Schumacher, Helmut"]
[Black "Nietsch, Horst"]
[Result "1-0"]
[WhiteElo "1902"]
[BlackElo "1719"]
[Annotator ",Microsoft"]
[PlyCount "87"]
[EventDate "2013.??.??"]
[WhiteTeam "DJK Aufwärts St. Josef Aachen 19"]
[BlackTeam "SG Weißensee 49 e.V."]

1. d4 Nf6 2. Nc3 e6 3. e4 d5 4. Bg5 Be7 5. e5 Nfd7 6. Bxe7 Qxe7 7. f4 a6 8. Qd2
c5 9. Nf3 cxd4 10. Nxd4 Nc6 11. a3 Nxd4 12. Qxd4 f6 13. exf6 Nxf6 14. O-O-O Bd7
15. Re1 Qd6 16. g3 O-O 17. Bh3 Rac8 18. Qe5 Rc6 19. Rhf1 Rfc8 20. Rf2 Qf8 21.
Re3 Qc5 22. Rd2 b5 23. Qd4 Qf8 24. Bf1 Ng4 25. Re1 Rxc3 $11 26. bxc3 Qxa3+ 27.
Kd1 Rxc3 28. Bd3 Nf6 29. Ke2 Qa5 30. Rb1 Be8 31. Qb4 Qc7 32. Rb3 Bh5+ 33. Kf1
Rxb3 34. Qxb3 Ng4 35. Be2 Nxh2+ 36. Kg2 Bxe2 37. Rxe2 Ng4 38. Rxe6 Nf6 39. Rxa6
Qe7 40. Qd3 b4 41. Kf3 Qd7 42. Ra8+ Kf7 43. Qe3 h5 44. Ra7 1-0

[Event "Offene Hessische Senioren Einzelmeisters"]
[Site "Bad Sooden- Allendorf"]
[Date "2013.04.24"]
[Round "5.41"]
[White "Niebuhr, Gerd"]
[Black "Burckhardt, Karl"]
[Result "1/2-1/2"]
[WhiteElo "1902"]
[BlackElo "1725"]
[PlyCount "51"]
[EventDate "2013.??.??"]
[WhiteTeam "Freibauer Wedemark"]
[BlackTeam "SC Fulda"]

1. d4 e5 2. dxe5 Nc6 3. Nf3 Qe7 4. Bf4 Qb4+ 5. Bd2 Qxb2 6. Nc3 Bb4 7. Rb1 Qa3
8. Rb3 Qa5 9. a3 Bxc3 10. Bxc3 Qc5 11. e3 Nge7 12. Bd3 Ng6 13. e6 f6 14. exd7+
Bxd7 15. O-O b6 16. Bb4 Nxb4 17. axb4 Qe7 18. c4 Ba4 19. c5 Qf7 20. Nd4 Bxb3
21. Bb5+ Kf8 22. Nxb3 Qe7 23. Qc2 Ne5 24. Nd4 g6 25. Qe4 Rd8 26. f4 1/2-1/2

[Event "Offene Hessische Senioren Einzelmeisters"]
[Site "Bad Sooden- Allendorf"]
[Date "2013.04.24"]
[Round "5.42"]
[White "Kempen, Willi"]
[Black "Piastowski, Kurt"]
[Result "1/2-1/2"]
[WhiteElo "1888"]
[BlackElo "1709"]
[PlyCount "43"]
[EventDate "2013.??.??"]
[WhiteTeam "Rheydter SV 1920"]
[BlackTeam "SC Turm Lüneburg e.V."]

1. e4 e5 2. Nf3 Nc6 3. Bb5 a6 4. Ba4 Nf6 5. Qe2 b5 6. Bb3 d6 7. a4 Rb8 8. axb5
axb5 9. Nc3 b4 10. Nd5 Nxd5 11. exd5 Ne7 12. d4 f6 13. dxe5 dxe5 14. Qc4 Nf5
15. O-O Bd7 16. Re1 Bd6 17. Nh4 O-O 18. Nxf5 Bxf5 19. f4 Kh8 20. fxe5 fxe5 21.
Be3 Qe7 22. Ba7 1/2-1/2

[Event "Offene Hessische Senioren Einzelmeisters"]
[Site "Bad Sooden- Allendorf"]
[Date "2013.04.24"]
[Round "5.43"]
[White "Zwanepol, Johan"]
[Black "Johannsen, Ingbert"]
[Result "1-0"]
[WhiteElo "1884"]
[BlackElo "1708"]
[PlyCount "59"]
[EventDate "2013.??.??"]
[BlackTeam "SG Witten"]

1. d4 e6 2. Nf3 d5 3. e3 Nf6 4. Bd3 Be7 5. Nbd2 Nbd7 6. O-O O-O 7. b3 Re8 8.
Bb2 Nf8 9. Ne5 N6d7 10. f4 f6 11. Ng4 c6 12. Rf3 b6 13. Rg3 Kh8 14. Nf3 Bb7 15.
Rh3 Kg8 16. f5 Bd6 17. fxe6 Rxe6 18. Nh4 Qc7 19. Nf5 Rae8 20. Qf3 c5 21. Nxd6
Qxd6 22. Rf1 Qc7 23. Bf5 R6e7 24. Qf2 Nb8 25. dxc5 bxc5 26. Bxf6 Rf7 27. Bb2
Bc8 28. Rf3 Bxf5 29. Rxf5 Ree7 30. Be5 1-0